Využívanie niektorých metód a techník súčasného manažmentu v praxi

Globalizácia a hyperkonkurenčné prostredie, ktoré ju sprevádza si vyžaduje nové metódy a techniky či trendy v manažmente. Bol uskutočnený prieskum, aké metódy podniky na Slovensku poznajú a uplatňujú, aké sú zdroje týchto poznatkov, dôvody uplatňovania, príčiny neuplatňovania týchto metód. Podniky p...

Descrizione completa

Salvato in:
Dettagli Bibliografici
Autore principale: Záležáková, Eliška
Natura: Capitolo di libro
Lingua:slovacco
Soggetti:
Tags: Aggiungi Tag
Nessun Tag, puoi essere il primo ad aggiungerne!!

MARC

LEADER 00000naa$a2200000$$$4500
001 0043423
005 20240502071519.7
041 0 |a slo 
044 |a SK 
245 1 0 |a Využívanie niektorých metód a techník súčasného manažmentu v praxi  |c Eliška Záležáková 
520 |a Globalizácia a hyperkonkurenčné prostredie, ktoré ju sprevádza si vyžaduje nové metódy a techniky či trendy v manažmente. Bol uskutočnený prieskum, aké metódy podniky na Slovensku poznajú a uplatňujú, aké sú zdroje týchto poznatkov, dôvody uplatňovania, príčiny neuplatňovania týchto metód. Podniky potrebujú implementovať outsourcing, benčmarking a tímové riadenie. Nepotrebujú implementovať reinžiniering, manažment zmien a odbúravanie stredného manažmentu. K nevhodnosti implementácie pre podnik sa pridáva štíhla výrova a just in time. 
610 2 0 |a globalizácia 
610 2 0 |a konkurencia 
610 2 0 |a manažment 
610 2 0 |a vývoj 
610 2 0 |a metódy riadenia 
100 1 |a Záležáková, Eliška